Golden Globes Best Actress - Musical or Comedy Movies. - Statistics

General Stats
  • This quiz has been taken 49 times
  • The average score is 33 of 77
Answer Stats
Year Actress Movie % Correct
2016 Emma Stone La La Land
85%
2022 Michelle Yeoh Everything Everywhere All At Once
83%
1965 Julie Andrews The Sound of Music
75%
1987 Cher Moonstruck
73%
2023 Emma Stone Poor Things
73%
1990 Julia Roberts Pretty Woman
73%
2012 Jennifer Lawrence Silver Linings Playbook
73%
1997 Helen Hunt As Good as it Gets
70%
1972 Liza Minnelli Cabaret
70%
2018 Olivia Colman The Favourite
70%
2024 Demi Moore The Substance
70%
2021 Rachel Zelger West Side Story
70%
1964 Julie Andrews Mary Poppins
68%
1998 Gwyneth Paltrow Shakespeare in Love
68%
1959 Marilyn Monroe Some Like It Hot
68%
1977(TIE) Diane Keaton Annie Hall
65%
1996 Madonna Evita
65%
2017 Saoirse Ronan Lady Bird
65%
1989 Jessica Tandy Driving Miss Daisy
63%
1968 Barbra Streisand Funny Girl
63%
1988 Melanie Griffith Working Girl
63%
2002 Renee Zellweger Chicago
60%
1980 Sissy Spacek Coal Miner's Daughter
60%
2001 Nicole Kidman Moulin Rouge!
60%
2006 Meryl Streep The Devil Wears Prada
60%
2005 Reese Witherspoon Walk the Line
58%
2013 Amy Adams American Hustle
55%
2015 Jennifer Lawrence Joy
53%
1984 Kathleen Turner Romancing the Stone
53%
1960 Shirley MacLaine The Apartment
50%
1967 Anne Bancroft The Graduate
50%
1979 Bette Midler The Rose
50%
1954 Judy Garland A Star is Born
48%
1994 Jamie Lee Curtis True Lies
48%
1993 Angela Bassett What's Love Got to Do with It
48%
1976 Barbra Streisand A Star is Born
43%
1995 Nicole Kidman To Die For
43%
1982 Julie Andrews Victor/Victoria
43%
1983 Julie Walters Educating Rita
40%
Marsha Mason The Goodbye Girl
40%
1973 Glenda Jackson A Touch of Class
38%
1956 Deborah Kerr The King and I
38%
Maggie Smith California Suite
35%
2007 Marion Cotillard La Vie en Rose
35%
1950 Judy Holliday Born Yesterday
33%
2003 Diane Keaton Something's Gotta Give
33%
2010 Annette Bening The Kids Are All Right
33%
1999 Janet McTeer Tumbleweeds
33%
1991 Bette Midler For the Boys
30%
1966 Lynn Redgrave Georgy Girl
30%
2008 Sally Hawkins Happy-Go-Lucky
30%
2009 Meryl Streep Julie & Julia
30%
2011 Michelle Williams My Week with Marilyn
30%
2020 Rosamund Pike I Care a Lot
28%
1958 Rosalind Russell Auntie Mame
25%
2004 Annette Bening Being Julia
25%
1962 Rosalind Russell Gypsy
25%
2014 Amy Adams Big Eyes
23%
1970 Carrie Snodgress Diary of a Mad Housewife
23%
1963 Shirley MacLaine Irma la Douce
23%
1981 Bernadette Peters Pennies from Heaven
23%
1985 Kathleen Turner Prizzi's Honor
23%
1971 Twiggy The Boy Friend
23%
1975 Ann-Margret Tommy
23%
1986 Sissy Spacek Crimes of the Heart
18%
1992 Miranda Richardson Enchanted April
18%
2000 Renee Zellweger Nurse Betty
18%
1957(TIE) Taina Elg & Kay Kendall (Same movie) Les Girls
15%
1978(TIE) Ellen Burstyn Same Time, Next Year
15%
1974 Raquel Welch The Three Musketeers
15%
1955 Jean Simmons Guys and Dolls
13%
1952 Susan Hayward With a Song in My Heart
13%
1953 Ethel Merman Call Me Madam
10%
1969 Patty Duke Me, Natalie
10%
2019 Awkwafina The Farwell
10%
1961 Rosalind Russell A Majority of One
8%
1951 June Allyson Too Young to KIss
8%
No matching quizzes found
Score Distribution
Percent of People with Each Score
Percentile by Number Answered
Your Score History
You have not taken this quiz